LIBRARY & INFORMATION CENTRE, KCAET, TAVANUR

ONLINE PUBLIC ACCESS CATALOGUE (OPAC)

Heritage of roses / (Record no. 4749)

MARC details
000 -LEADER
fixed length control field 00402cam a2200169ua 4500
003 - CONTROL NUMBER IDENTIFIER
control field OSt
008 - FIXED-LENGTH DATA ELEMENTS--GENERAL INFORMATION
fixed length control field 250212b |||||||| |||| 00| 0 eng d
020 ## - INTERNATIONAL STANDARD BOOK NUMBER
ISBN 0 04 440226 0
041 ## - LANGUAGE CODE
Language code of text/sound track or separate title eng
082 ## - DEWEY DECIMAL CLASSIFICATION NUMBER
Classification number 635.93372
Item number ROU/HE
100 ## - MAIN ENTRY--AUTHOR NAME
Personal name Rougetel, Hezel le .
245 ## - TITLE STATEMENT
Title Heritage of roses /
260 ## - PUBLICATION, DISTRIBUTION, ETC. (IMPRINT)
Place of publication London:
Name of publisher Hyman,
Year of publication 1988.
300 ## - PHYSICAL DESCRIPTION
Number of Pages 176 ; .
500 ## - GENERAL NOTE
General note ** Reference
942 ## - ADDED ENTRY ELEMENTS (KOHA)
Koha item type Books
Holdings
Withdrawn status Lost status Damaged status Home library Current library Date acquired Cost, normal purchase price Full call number Accession Number Koha item type
      KAUAET KAUAET 07/02/2025 741.50 635.93372 ROU/HE 18441 Books
free website counter